LEADER 01062nam0-22003611i-450- 001 990003098200403321 005 20091020120456.0 010 $a0-262-06098-1 035 $a000309820 035 $aFED01000309820 035 $a(Aleph)000309820FED01 035 $a000309820 100 $a20030910d1986----km-y0itay50------ba 101 0 $aeng 102 $aGB 200 1 $aIndexing, Inflation, and Economic Policy$fStanley Fischer. 210 $aCambridge$dMass.$aLondon$cThe MIT Press$d1986. 215 $aXI, 485 p.$d23 cm 610 0 $aDisoccupazione e inflazione 610 0 $aInflazione 610 0 $aInflazione$aIsraele$aModelli econometrici 610 0 $aSalari$aIndicizzazione$aEconomia internazionale 676 $aJ/1.511 702 1$aFischer,$bStanley$f<1943- > 801 0$aIT$bUNINA$gRICA$2UNIMARC 901 $aBK 912 $a990003098200403321 952 $aJ/1.511 FIS/86$b4840$fSES 952 $aE3.84$b171$fDECTS 959 $aSES 959 $aDECTS 996 $aIndexing, Inflation, and Economic Policy$9459561 997 $aUNINA LEADER 02033oam 2200529 450 001 9910704257003321 005 20160311105559.0 035 $a(CKB)5470000002439104 035 $a(OCoLC)885009149 035 $a(EXLCZ)995470000002439104 100 $a20140731d1951 ua 0 101 0 $aeng 135 $aurmn||||||||| 181 $ctxt$2rdacontent 182 $cc$2rdamedia 183 $acr$2rdacarrier 200 10$aGeology of the Canyon Ferry quadrangle, Montana $ethe geologic features and mineral resources of an area in the Missouri River valley where a power dam is being built /$fby John B. Mertie, Jr., Richard P. Fischer, and S. Warren Hobbs 210 1$a[Washington, D.C.] :$cUnited States Department of the Interior, Geological Survey,$d1951. 210 2$aWashington :$cUnited States Government Printing Office. 215 $a1 online resource (v, 97 pages, 2 pages of plates) $cillustrations, color map 225 1 $aGeological Survey bulletin ;$v972 300 $aTitle from title screen (viewed July 21, 2014). 320 $aIncludes bibliographical references (pages 93-94) and index. 517 $aGeology of the Canyon Ferry quadrangle, Montana 606 $aGeology$zMontana$zCanyon Ferry 606 $aMines and mineral resources$zMontana$zCanyon Ferry 606 $aGeology$2fast 606 $aMines and mineral resources$2fast 607 $aMontana$zCanyon Ferry$2fast 615 0$aGeology 615 0$aMines and mineral resources 615 7$aGeology. 615 7$aMines and mineral resources. 700 $aMertie$b John Beaver$f1888-1980,$01386509 702 $aFischer$b R. P$g(Richard Philip),$f1910-1991, 702 $aHobbs$b S. W$g(Samuel Warren),$f1911- 712 02$aGeological Survey (U.S.), 801 0$bCOP 801 1$bCOP 801 2$bOCLCO 801 2$bGPO 801 2$bOCLCF 801 2$bGPO 906 $aBOOK 912 $a9910704257003321 996 $aGeology of the Canyon Ferry quadrangle, Montana$93472188 997 $aUNINA